00369pab a2200133 454500008004000000100002100040245004100061260000900102300001300111362001000124650003900134650002800173773003400201180718b2017 xxu||||| |||| 00| 0 eng d aZaidi, S. Akbar  aPakistan in the post-Taliban present c2017 ap.26-29. a4 Mar aPakistan - Politics and government aPolitics and government aEconomic and Political Weekly